=LDR 00000nam 2200000 4500 =001 INLIS000000000053521 =005 20181019023420 =035 ##$$a 0010-1018000136 =245 1#$$a INDONESIA-TAIWAN ECONOMIC COOPERATION ARRANGEMENET: IS IT FEASIBLE? /$c INDONESIA-TAIWAN ECONOMIC COOPERATION ARRANGEMENET: IS IT FEASIBLE? =100 #$$a INDONESIA-TAIWAN ECONOMIC COOPERATION ARRANGEMENET: IS IT FEASIBLE? =250 ##$$a Ed. 1 =300 ##$$a 261 hlm : $b Ilus ; $c 15x23 cm =260 ##$$a Jakarta :$b Yayasan Pustaka Obor Indonesia,$c 2014 =082 ##$$a 337.1 =084 ##$$a 337.1 IND i =020 ##$$a 978-979-461-858-5 =650 ##$$a Kerjasama Ekonomi Multilateral